فنون وحرف تقليدية من القاهرة / (Record no. 26774)

MARC details
000 -الفاتح
حقل البيانات ثابتة الطول 01092nam a22002775a 4500
003 - محدد رقم الضبط
رقم الضبط EG-ScBUE
005 - وقت وتاريخ اخر تعامل مع التسجيلة
رقم الضبط 20221026094955.0
008 - عناصر البيانات ثابتة الطول - معلومات عامة
حقل البيانات ثابتة الطول 180527s1998 ua a f 000 0 ara d
017 ## - رقم الإيداع القانونى
رقم الإيداع القانونى 98 / 10607
020 ## - الرقم الدولى المعيارى للكتب
الرقم الدولى المعيارى للكتاب 9773050491
040 ## - مصدر الفهرسة
وكالة الفهرسة الأصلية EG-ScBUE
لغة الفهرسة ara
قواعد الوصف rda
وكالة النسخ EG-ScBUE
وكالة التعديل EG-ScBUE
041 0# - رمز اللغة
رمز لغة النص/ المسارات الصوتية أو العنوان الانفرادي ara
-- eng
043 ## - رمز المنطقة الجغرافية
رمز المنطقة الجغرافية f-ua---
082 04 - رقم تصنيف ديوى العشرى
رقم التصنيف 704.0396
رقم المادة ن د ي
رقم الطبعة 22
100 1# - المدخل الرئيسى - إسم شخصى
الإسم الشخصى نديم، أسعد،
الدور مؤلف.
245 10 - بيان العنوان
العنوان فنون وحرف تقليدية من القاهرة /
بيان المسئوليه,etc أسعد نديم.
264 #1 - النشر، التوزيع
مكان الناشر او الموزع القاهرة :
اسم الناشر او الموزع وزارة الثقافة، قطاع العلاقات الثقافية الخارجية، الإدارة العامة للإعلام الخارجي،
تاريخ النشر أو التوزيع 1998.
300 ## - الوصف المادى
التعداد 1 مجلد (متعدد الترقيم) :
تفاصيل ماديه اخرى للوعاء إيضاحيات ملونة ؛
أبعاد الوعاء 28 سم.
490 0# - بيان السلسلة
عنوان السلسلة سلسلة كتب بريزم المتخصصة
541 ## - تبصرة المصدر المباشر للتزويد
مصدر التزويد السفير علي الحفني ؛
طريقة التزويد إهداء ؛
650 #7 - المدخل الاضافى بالموضوع-مصطلح موضوعى
مصطلح موضوعي أو اسم جغرافي كعنصر مدخل فنون زخرفية
التقسيم الفرعي الجغرافي مصر
-- القاهرة.
مصدر الرأس أو المصطلح BUEsh
651 ## - المدخل الاضافى بالموضوع - اسم جغرافى
مصدر الرأس أو المصطلح BUEsh
653 ## - مصطلح تكشيفى غير مقيد
Resource For college Generalities
Arrived date list May2018
655 ## - مصطلح تكشيفى-نوع/شكل
التقسيم الفرعي الشكلي Reading book
942 ## - عناصر المدخل الإضافي( كوها)
مصدر التصنيف او مخطط الترفيف Dewey Decimal Classification
Holdings
حالة التراجع حالة الفقد مصدر التصنيف او خطة الترفيف حالة تلف ليس للاعارة مجموعات كوها المكان الدائم المكان الحالي موقع الترفيف تاريخ الاكتساب Source of acquisition رقم الاستدعاء الباركود Date last seen تبصرة غير عامة( المفوع للعناصر المفقوده) نوع الوعاء
    Dewey Decimal Classification     Donation-Gift Central Library Central Library Ground Floor 27/05/2018 Donation 704.0396 ن د ي 000043422 15/07/2025 إهداء من السفير علي الحفني Book - Borrowing